• 首页
  • 本馆介绍
  • 公告通知
  • 最新文献
  • 馆藏检索
  • 电子资源
  • 读者导购
  • 参考咨询
  • 我的图书馆
  • 登录
  • 详细信息显示
  • 放入我的书架
  • 预约/预借图书
  • 作者相关作品
  • 分类相关作品
  • 丛书相关作品
  • 出版社相关作品

书目信息

  • 表格格式
  • 工作单格式
  • 卡片格式
题名:
民族舞
    
 
作者: 刘莉 主编
分册:  
出版信息: 长春   吉林文史出版社  2006
页数: 187页
开本: 21cm
丛书名: 中外艺术精粹
单 册:
中图分类: J722.22
科图分类:
主题词: 少数民族--民族舞蹈--中国 , 少数民族 , 民族舞蹈
电子资源:
ISBN: 7-80702-248-5
000 00811oam2 2200277 45
001 012006042901
005 20070103163028.76
010    @a7-80702-248-5@dCNY29.80
092    @aCN@b492771
100    @a20060429d2006 em y0chiy0120 ea
101 0  @achi
102    @aCN@b220000
105    @ay z 000yy
200 1  @a民族舞@9min zu wu@f刘莉主编
210    @a长春@c吉林文史出版社@c吉林音像出版社@d2006
215    @a187页@d21cm
225 2  @a中外艺术精粹
330    @a本书主要内容:民族舞概述;民族舞的基本知识;各民族舞蹈介绍;民族舞剧欣赏;民族舞蹈艺术家简介。
461  0 @12001 @a中外艺术精粹
606 0  @a少数民族@x民族舞蹈@y中国
606 0  @a少数民族
606 0  @a民族舞蹈
690    @aJ722.22@v4
701  0 @a刘莉@9liu li@4主编
801  0 @aCN@bLZJBOOK@c20070103
905    @a10447@dJ722.22@e78
    
    民族舞/刘莉主编.-长春:吉林文史出版社:吉林音像出版社,2006
    187页;21cm.-(中外艺术精粹)
    
    
    ISBN 7-80702-248-5:CNY29.80
    本书主要内容:民族舞概述;民族舞的基本知识;各民族舞蹈介绍;民族舞剧欣赏;民族舞蹈艺术家简介。
●
相关链接 在E读中查询图书 在五车中查询图书 在当当中查询图书 在豆瓣中查询图书


正题名:民族舞     索取号:J722.22/78         预约/预借

序号 登录号 条形码 馆藏地/架位号 状态 备注
1 0561120   205611202   第一样本阅览室/ [索取号:J722.22/78] 在馆    
2 0561121   205611211   第一借阅区/ [索取号:J722.22/78] 在馆    
3 0561122   205611220   第一借阅区/ [索取号:J722.22/78] 在馆    
4 0561123   205611239   第一借阅区/ [索取号:J722.22/78] 在馆    
5 0561124   205611248   第一借阅区/ [索取号:J722.22/78] 在馆    
6 0561125   205611257   第一借阅区/ [索取号:J722.22/78] 在馆    
7 0561126   205611266   第一借阅区/ [索取号:J722.22/78] 在馆    
唐山师范学院图书馆 欢迎您!
大连网信软件有限公司© 版权所有